| 000 | 00441nam a2200169Ia 4500 | ||
|---|---|---|---|
| 008 | 230917s9999||||xx |||||||||||||| ||und|| | ||
| 020 | _cRS 425.00 | ||
| 040 |
_e5007385 _aMAIN |
||
| 041 | _aEnglish | ||
| 082 | _a320.50954 P133I | ||
| 100 | _aPadhy, K S | ||
| 245 | 0 | _aIndian political thought | |
| 260 |
_aDelhi _bPHI Learning _c2019 |
||
| 300 | _axvi, 384 p. | ||
| 500 | _a3990 21/01/2020 HBD20/8309 26/02/2020 Main Budget | ||
| 942 | _cBK | ||
| 999 |
_c1544 _d1544 |
||